Principles of Corporate Finance (Record no. 5424)
[ view plain ]
| 005 - DATE AND TIME OF LATEST TRANSACTION | |
|---|---|
| control field | 20250626153047.0 |
| 020 ## - INTERNATIONAL STANDARD BOOK NUMBER | |
| International Standard Book Number | 9780070635807 |
| 082 ## - DEWEY DECIMAL CLASSIFICATION NUMBER | |
| Classification number | 658.15 BRE |
| 100 ## - MAIN ENTRY--PERSONAL NAME | |
| Author name | BREALEY,A.R. |
| 245 ## - TITLE STATEMENT | |
| Title | Principles of Corporate Finance |
| 250 ## - EDITION STATEMENT | |
| Edition statement | 8th Ed. |
| 260 ## - PUBLICATION, DISTRIBUTION, ETC. | |
| Place of publication, distribution, etc. | New Delhi |
| Name of publisher, distributor, etc. | Mc Graw Hill, |
| Date of publication, distribution, etc. | 2007 |
| 300 ## - PHYSICAL DESCRIPTION | |
| Extent | xxvii,1039p.:ill. |
| Other physical details | Index |
| Dimensions | 23cm. |
| 700 ## - ADDED ENTRY--PERSONAL NAME | |
| Other authors/Editors | MOHANTY,P. , MYERS,S.& ALLEN, F. |
| 942 ## - ADDED ENTRY ELEMENTS (KOHA) | |
| Source of classification or shelving scheme | Dewey Decimal Classification |
| Koha item type | Books |
| Date last seen | Total checkouts | Full call number | Barcode | Cost, replacement price | Price effective from | Koha item type | Lost status | Source of classification or shelving scheme | Damaged status | Not for loan | Withdrawn status | Home library | Current library | Date acquired | Source of acquisition | Cost, normal purchase price |
|---|---|---|---|---|---|---|---|---|---|---|---|---|---|---|---|---|
| 06/26/2025 | 658.15 BRE | DOM000607 | 225000.00 | 06/26/2025 | Books | Dewey Decimal Classification | CBE Dodoma | CBE Dodoma | 12/07/2012 | Library budget | 75000.00 | |||||
| 06/26/2025 | 658.15 BRE | DOM000767 | 225000.00 | 06/26/2025 | Books | Dewey Decimal Classification | CBE Dodoma | CBE Dodoma | 12/07/2012 | Library budget | 75000.00 |
